Koszty i ceny wielorodzinnego budownictwa mieszkaniowego

Gespeichert in:
Bibliographische Detailangaben
1. Verfasser: Bryx, Marek
Format: Buch
Sprache:Polnisch
Veröffentlicht: Warszawa Szkola glówna planowania i statystyki 1985
Schriftenreihe:Monografie i opracowania 165
Tags: Tag hinzufügen
Keine Tags, Fügen Sie das erste Tag hinzu!

MARC

LEADER 00000nam a2200000 4500
001 c106699
005 20041019155138.1
041 0 |a pol 
044 |a PL 
245 1 0 |a Koszty i ceny wielorodzinnego budownictwa mieszkaniowego  |c Marek Bryx 
264 1 |a Warszawa  |b Szkola glówna planowania i statystyki  |c 1985 
300 |a 165 s. 
490 1 |a Monografie i opracowania  |v 165 
830 0 |a Monografie i opracowania  |v 165 
100 1 |a Bryx, Marek